Mujeres y trabajo en América Latina : desafíos para las políticas laborales /

Guardado en:
Detalles Bibliográficos
Autor principal: Piras, Claudia (ed.)
Otros autores: Jarque, Carlos M. (prólogo) (prólogo)
Formato: Libro
Idioma:Español
Publicado: Nueva York, EUA : Banco Interamericano de Desarrollo, 2006, c2006
Temas:
Etiquetas: Agrega una etiqueta

MARC

LEADER 00000nam^a2200000^a^4500
001 000194144
005 20250521000000.0
009 20260310102708.048
020 |a 1-59782-017-2 
037 |a Acervo ITESO - Biblioteca 
041 |a ESP 
082 |a 331. 40980  |b PIR 
100 |a Piras, Claudia  |e (ed.) 
245 1 0 |a Mujeres y trabajo en América Latina :  |b desafíos para las políticas laborales /  |c Ed. de C. Piras ; pról. de C.M. Jarque. 
264 4 |a Nueva York, EUA :  |b Banco Interamericano de Desarrollo,  |c 2006, c2006 
300 |a VIII, 344 p. 
336 |a texto  |b txt  |2 rdacontenido 
337 |a sin mediación  |b n  |2 rdamedio 
338 |a volumen  |b nc  |2 rdasoporte 
649 |a XX 
650 |a Mujeres -  |z Latinoamérica -  |x Condiciones Laborales -  |x Tema Principal 
650 |a Igualdad y Desigualdad -  |z Latinoamérica 
650 |a Discriminación -  |z Latinoamérica 
650 |a Relaciones Laborales -  |z Latinoamérica 
650 |a Empleo y Desempleo -  |z Latinoamérica 
650 |a Sueldos y Salarios -  |z Latinoamérica 
650 |a Mercado de Trabajo -  |z Latinoamérica 
650 |a División del Trabajo -  |z Latinoamérica 
650 |a Jubilaciones y Pensiones -  |z Latinoamérica 
650 |a Seguridad Social -  |z Latinoamérica 
650 |a Política Laboral -  |z Latinoamérica 
650 |a Política Social -  |z Latinoamérica 
650 |a Relaciones Intergénero -  |z Latinoamérica 
650 |a Género -  |z Latinoamérica 
650 |a Economía Laboral -  |z Latinoamérica 
650 |a Latinoamérica -  |x Condiciones Laborales 
700 |a Jarque, Carlos M.  |e (prólogo) 
910 |a Fondo General 
920 |a Impresos - Libros 
930 |a Colección General 
905 |a 101 
901 |a 0500139001  |b IT1  |c ACC  |u 20250521 
902 |a https://opac.biblio.iteso.mx/vufind/Record/000194144